Bulletin /

Збережено в:
Бібліографічні деталі
Співавтор: Gronlands geologiske undersogelse
Формат: Періодика
Мова:English
Опубліковано: [Kobenhavn] : GGU.
Предмети:
LEADER 02408nas a2200541 a 4500
001 c000152737
003 CARM
005 20020205155242.0
008 770517c19489999dk uuzm f0uuua0eng d
010 |a sn 85006110 
019 1 |a 4482381  |z 1332657  |z 44762343  |z 50256501  |5 LACONCORD2021 
022 |a 0105-3507 
022 |a 0375-6556 
030 |a BGGUA9 
035 |a (OCoLC)220059102  |5 LACONCORD2021 
040 |d AMG 
042 |a nsdp 
130 |a Bulletin (Gronlands geologiske undersogelse) 
210 0 |a Bull. - Gronl. geol. unders. 
222 0 0 |a Bulletin - Gronlands geologiske undersogelse 
245 0 0 |a Bulletin /  |c Gronlands geologiske undersogelse. 
260 |a [Kobenhavn] :  |b GGU. 
300 |a v. :  |b ill. ;  |c 27-29 cm. 
362 0 |a No. 1 (1948)- 
500 |a Some issues have distinctive title. 
510 1 |a ASTIS bibliography  |x 0226-1685  |b 1978- 
510 1 |a ASTIS current awareness bulletin  |x 0705-8454  |b 1978- 
510 2 |a Chemical abstracts  |x 0009-2258  |b 1948-1982 
510 2 |a Coal abstracts  |x 0309-4979 
510 2 |a Energy research abstracts  |x 0160-3604  |b May 1978- 
510 2 |a GeoRef  |x 0197-7482 
580 |a No. 1-114 reprinted from Meddelelser om Gronland. 
650 0 |a Geology  |z Greenland  |x Periodicals. 
710 2 |a Gronlands geologiske undersogelse. 
787 1 |t Meddelelser om Gronland 
852 8 |b CARM  |h A2:AH29C1  |i D02713  |p 0126786  |f SE 
852 8 |b CARM  |h A2:AH23C0  |i D02712  |p 0126785  |f SE 
852 8 |b CARM  |h A2:AL35C0  |i D02774  |p 0126788  |f SE 
852 8 |b CARM  |h A2:AH13F0  |i C03475  |p 0126787  |f SE 
852 8 |b CARM  |h A2:AK09C4  |i D02761  |p 0126790  |f SE 
866 0 |a 1(1948)-172(1996) 
866 0 |a 1(1948)-172(1996) 
999 f f |i 64eb9b09-d1c2-55d8-9404-5865c221ad47  |s 211ab972-3cca-56a6-be53-cf773c05fec7 
952 f f |p Can circulate  |a CAVAL  |b CAVAL  |c CAVAL  |d CARM 1 Store  |e D02713  |f A2:AH29C1  |h Other scheme  |i book  |k  1(1948)-38(1963)  |m 0126786 
952 f f |p Can circulate  |a CAVAL  |b CAVAL  |c CAVAL  |d CARM 1 Store  |e D02774  |f A2:AL35C0  |h Other scheme  |i book  |k 81(1970)-110(1974)  |m 0126788 
952 f f |p Can circulate  |a CAVAL  |b CAVAL  |c CAVAL  |d CARM 1 Store  |e D02712  |f A2:AH23C0  |h Other scheme  |i book  |k 39(1964)-80(1969)  |m 0126785 
952 f f |p Can circulate  |a CAVAL  |b CAVAL  |c CAVAL  |d CARM 1 Store  |e D02761  |f A2:AK09C4  |h Other scheme  |i book  |k 155(1987)-172(1996)  |m 0126790 
952 f f |p Can circulate  |a CAVAL  |b CAVAL  |c CAVAL  |d CARM 1 Store  |e C03475  |f A2:AH13F0  |h Other scheme  |i book  |k 111(1974)-154(1986)  |m 0126787